00975nam a2200181Ia 4500008004100000020001500041050002100056100004900077245008700126250001800213260004800231300001600279500002700295505036000322650003900682650003500721650003700756120626s2002 mx 000 0 spa d a9702402182 aHC135bR637 20021 aRodríguez Sánchez, Aurelio Migueleautor10aEstructura socioeconómica de México 2c / Aurelio Miguel Rodríguez Sánchez a2a. edición3 aMéxicob : Publicaciones Culturalc, 2002 a180 paginas a6a. reimpresión 2006 aFundamentos para comprender el nuevo orden económico y el entallamiento de la crisis en 1970 Estructura económica política y social del periodo 1970-1982 Estructura económica, política y social de México del periodo 1982-1994 Estructura económica, política y social del periodo 1994-2000 Estructura económica de los sistemas ecológicos10aCONDICIONES ECONÓMICASzMÉXICO20aCONDICIONES SOCIALESzMÉXICO30aPOLÍTICA Y GOBIERNOzMÉXICO